| 000 | 00456nam a2200169Ia 4500 | ||
|---|---|---|---|
| 003 | GCL | ||
| 008 | 140319s9999 xx 000 0 eng d | ||
| 040 |
_aGCL / _cGCL |
||
| 082 | 0 | 4 |
_a651.7 _bL B |
| 100 | 1 | _aLOCKER, KITTY | |
| 245 | 1 | 0 |
_aBUSINESS AND ADMINISTRATIVE COMMUNICATION / _cLOCKER, KITTY |
| 260 |
_a[S.N] : _bIRWIN ، _c1995 |
||
| 300 | _a696 P | ||
| 650 | 0 | 4 | _aBUSINESS COMMUNICATION |
| 650 | 0 | 4 | _aCOMMUNICATION IN MANAGEMENT |
| 942 |
_2ddc _cBK |
||
| 999 |
_c10804 _d10804 |
||